[Event "Rottach Egern Seniors Cup 12th"]
[Site "Rottach Egern"]
[Date "2024.04.09"]
[Round "4"]
[White "Gerlach, Andreas"]
[Black "Bertram, Marina"]
[Result "1-0"]
[WhiteElo "1738"]
[BlackElo "1571"]
[PlyCount "67"]
[EventDate "2024.04.06"]
[EventType "swiss"]
[EventRounds "9"]
[EventCountry "GER"]
[SourceTitle "CB16_2024"]
[SourceDate "2024.04.17"]
[SourceVersion "1"]
[SourceVersionDate "2024.04.17"]
[SourceQuality "1"]

1. Nf3 Nc6 2. b3 Nf6 3. Bb2 d6 4. c4 e5 5. g3 h6 6. Bg2 Be7 7. d3 Bg4 8. Qc2 0-0 9. 0-0 Nb4 10. Qc3 a5 11. a3 Nc6 12. Qc2 e4 13. Ne1 Bxe2 14. Nc3 Bxf1 15. Kxf1 Ne5 16. Nxe4 Neg4 17. h3 Ne5 18. Nxf6+ Bxf6 19. Bxb7 Rb8 20. Bg2 Ng6 21. d4 c5 22. Rd1 Qc7 23. dxc5 Bxb2 24. cxd6 Qb6 25. Qxb2 a4 26. b4 Rbd8 27. c5 Qb8 28. Qe2 Qc8 29. c6 Qe6 30. d7 Ne5 31. Qb5 Qc4+ 32. Qxc4 Nxc4 33. c7 Ra8 34. Bxa8 1-0

[Event "GER-ch Seniors Gp-B 19th"]
[Site "Templin"]
[Date "2007.08.27"]
[Round "5"]
[White "Bertram, Marina"]
[Black "Maczollek, Helmut"]
[Result "0-1"]
[WhiteElo "951"]
[BlackElo "1419"]
[PlyCount "136"]
[EventDate "2007.08.23"]
[EventType "swiss"]
[EventRounds "9"]
[EventCountry "GER"]
[SourceTitle "EXT 2022"]
[Source "ChessBase"]
[SourceDate "2021.10.06"]
[SourceVersion "1"]
[SourceVersionDate "2021.10.06"]
[SourceQuality "1"]

1. d4 d5 2. Nf3 Nf6 3. e3 e6 4. c4 c6 5. Nc3 Bb4 6. Bd2 Nbd7 7. cxd5 cxd5 8. a3 Be7 9. Bd3 a6 10. e4 dxe4 11. Nxe4 Nxe4 12. Bxe4 Nf6 13. Bc2 0-0 14. 0-0 b6 15. Bc3 Bb7 16. Re1 Rc8 17. Bd3 h6 18. Qe2 Bd6 19. Bxa6 Bxa6 20. Qxa6 Nd5 21. Rab1 Nxc3 22. bxc3 Ra8 23. Qxb6 Rxa3 24. Qxd8 Rxd8 25. c4 Bc7 26. Re4 Ra4 27. c5 Re8 28. c6 Rc4 29. Nh4 Rxc6 30. d5 Ra6 31. Nf5 Kf8 32. d6 Bxd6 33. Nxd6 Rxd6 34. g4 Red8 35. Kg2 g6 36. h4 Kg7 37. Rb5 Rd5 38. Rb3 Rd3 39. Rb5 R8d4 40. f3 Rxe4 41. fxe4 Re3 42. Re5 Kf6 43. Kf2 Ra3 44. Rc5 Kg7 45. g5 h5 46. e5 Ra4 47. Kg3 Ra3+ 48. Kg2 Rd3 49. Rc4 Rd2+ 50. Kh3 Rd5 51. Re4 Kf8 52. Re1 Ke7 53. Kg3 Kd8 54. Kf4 Kc7 55. Rc1+ Kb6 56. Rb1+ Kc6 57. Rc1+ Rc5 58. Rd1 Rc4+ 59. Kg3 Kc7 60. Re1 Kb6 61. Rb1+ Ka6 62. Ra1+ Kb6 63. Rf1 Rc7 64. Rd1 Kc6 65. Rc1+ Kd7 66. Rxc7+ Kxc7 67. Kf4 Kc6 68. Ke4 Kc5 0-1

[Event "Blankenburg op-B 13th"]
[Site "Blankenburg"]
[Date "2005.10.01"]
[Round "2"]
[White "Menze, Juergen"]
[Black "Bertram, Marina"]
[Result "1/2-1/2"]
[WhiteElo "1343"]
[BlackElo "1021"]
[PlyCount "61"]
[EventDate "2005.09.30"]
[EventType "swiss"]
[EventRounds "7"]
[EventCountry "GER"]
[SourceTitle "EXT 2007"]
[Source "ChessBase"]
[SourceDate "2006.11.23"]
[SourceVersion "1"]
[SourceVersionDate "2006.11.23"]
[SourceQuality "1"]

1. e4 d5 2. exd5 Qxd5 3. Nc3 Qa5 4. Nf3 Nf6 5. Qe2 c6 6. h3 e6 7. a3 Qc7 8. d3 Nbd7 9. Be3 Be7 10. g4 Nd5 11. Nxd5 cxd5 12. Bd4 Bf6 13. Bxf6 Nxf6 14. c3 Nd7 15. d4 b6 16. Qe3 0-0 17. Bd3 Nf6 18. Qe5 Qxe5+ 19. Nxe5 Ne4 20. f3 f6 21. Nc6 Bd7 22. Ne7+ Kf7 23. fxe4 Kxe7 24. exd5 exd5 25. Bxh7 Kd6 26. 0-0-0 Rae8 27. Rde1 Rxe1+ 28. Rxe1 Rh8 29. Bf5 Bxf5 30. gxf5 Rxh3 31. Rg1 1/2-1/2